| 000 | 00649nam a22002177a 4500 | ||
|---|---|---|---|
| 005 | 20251108172800.0 | ||
| 008 | 250721s2004 xx 000 0 ara d | ||
| 082 | 1 | 4 | _a370.15/سلط |
| 100 | 1 | _aالسلطي، ناديا سميح | |
| 245 | 1 | 0 | _aالتعليم المستند إلى الدماغ / |
| 246 | 1 | 1 | _abrain - based learning |
| 264 | 1 |
_aعمان : _bدار المسيرة للنشر والتوزيع، _c2004. |
|
| 300 | _a240ص | ||
| 650 | 1 | 7 | _aالتعلم |
| 650 | 1 | 7 | _aعلم النفس التربوي |
| 650 | 1 | 7 | _aالتعلم |
| 650 | 1 | 7 | _aالفراسه |
| 650 | 1 | 7 | _aالدماغ |
| 942 |
_2ddc _cBK |
||
| 999 |
_c88350 _d88350 |
||